[Event "Gibtelecom Masters"]
[Site "Gibraltar"]
[Date "2009.01.27"]
[Round "1.55"]
[White "Campbell, Ian"]
[Black "Gavriel, Tryfon C"]
[Result "1/2-1/2"]
[WhiteElo "2023"]
[BlackElo "2161"]
[PlyCount "56"]
[EventDate "2009.01.27"]

1. Nf3 b5 2. e3 a6 3. a4 b4 4. c4 Bb7 5. Be2 e6 6. O-O f5 7. b3 Qf6 8. d4 d6 9.
Bb2 a5 10. Nbd2 Nd7 11. Qc2 Qh6 12. e4 f4 13. e5 dxe5 14. Nxe5 Nxe5 15. dxe5
Ne7 16. Bf3 Nc6 17. Ne4 Be7 18. Rad1 O-O 19. Rd7 Rac8 20. Nd6 Bxd6 21. exd6 Rf7
22. Rxf7 Kxf7 23. dxc7 Rxc7 24. Rd1 Ne7 25. Bxb7 Rxb7 26. Qe4 Ra7 27. Qd4 Rb7
28. Qe4 Ra7 1/2-1/2

[Event "Gibtelecom Masters"]
[Site "Gibraltar"]
[Date "2009.01.27"]
[Round "1.56"]
[White "Perez Aleman, Pedro Tomas"]
[Black "Pettersen, Joar Gullestad"]
[Result "1-0"]
[WhiteElo "2016"]
[BlackElo "2160"]
[PlyCount "73"]
[EventDate "2009.01.27"]

1. c4 Nf6 2. Nf3 e6 3. Nc3 d5 4. d4 c6 5. Bg5 Nbd7 6. cxd5 exd5 7. e3 Be7 8.
Bd3 Nf8 9. Qc2 Ne6 10. Bh4 g6 11. Ne5 Ng7 12. f3 Bf5 13. O-O Bxd3 14. Qxd3 Nd7
15. Bxe7 Qxe7 16. Nxd7 Qxd7 17. e4 O-O 18. exd5 cxd5 19. Rae1 Qc6 20. Re5 Rfd8
21. f4 Rd7 22. g4 f6 23. Re3 f5 24. g5 Rd6 25. Re5 Ne6 26. Qe3 Re8 27. Re1 Kf8
28. Qf3 Red8 29. Qh3 Kg8 30. Nxd5 Qxd5 31. Rxd5 Nxf4 32. Qb3 Nxd5 33. Qxb7 R6d7
34. Qc6 f4 35. Re8+ Kg7 36. Qe6 Rxe8 37. Qxd7+ 1-0

[Event "Gibtelecom Masters"]
[Site "Gibraltar"]
[Date "2009.01.27"]
[Round "1.57"]
[White "Cafolla, Peter"]
[Black "Whitehead, David J"]
[Result "1-0"]
[WhiteElo "2013"]
[BlackElo "2155"]
[PlyCount "109"]
[EventDate "2009.01.27"]

1. e4 c5 2. Nc3 Nc6 3. g3 g6 4. Bg2 Bg7 5. d3 d6 6. Be3 Rb8 7. Qd2 e6 8. Rb1
Qa5 9. Nge2 Nd4 10. O-O Ne7 11. Bf4 e5 12. Be3 O-O 13. Nc1 b5 14. Nd5 Qd8 15.
Nxe7+ Qxe7 16. c3 Nc6 17. f4 b4 18. Ne2 Ba6 19. f5 c4 20. cxb4 Nxb4 21. Nc3 f6
22. dxc4 Bxc4 23. Rfd1 Rfd8 24. a3 Na6 25. b4 Rb7 26. Bf1 Bxf1 27. Nd5 Qf7 28.
Rxf1 Nc7 29. g4 Nxd5 30. Qxd5 Qxd5 31. exd5 Kf7 32. Rbc1 Ke7 33. Rc6 Kd7 34.
Rfc1 g5 35. b5 Bf8 36. a4 Be7 37. Ra6 Ra8 38. Rcc6 Rc7 39. Rxc7+ Kxc7 40. Rxa7+
Rxa7 41. Bxa7 Kb7 42. Be3 Bd8 43. Kf1 Ba5 44. Ke2 Kc7 45. Kd3 Kb7 46. Bc1 Bb4
47. Bxg5 fxg5 48. f6 e4+ 49. Kxe4 Bc3 50. Kf5 Kb6 51. Ke6 Kc5 52. f7 Bg7 53. b6
Kxb6 54. Kxd6 Bf8+ 55. Kd7 1-0

[Event "Gibtelecom Masters"]
[Site "Gibraltar"]
[Date "2009.01.27"]
[Round "1.58"]
[White "Erdelyi, Tamas"]
[Black "Spanton, Tim R"]
[Result "0-1"]
[WhiteElo "2152"]
[BlackElo "2008"]
[PlyCount "70"]
[EventDate "2009.01.27"]

1. c4 c5 2. Nf3 g6 3. d4 cxd4 4. Nxd4 Nc6 5. Nc2 Nf6 6. Nc3 Bg7 7. g3 O-O 8.
Bg2 d6 9. O-O Nd7 10. Qd2 a5 11. Rb1 Nc5 12. b3 Bd7 13. Bb2 Ra6 14. Ba1 Qc8 15.
Rbd1 Bh3 16. Qc1 Bxg2 17. Kxg2 h5 18. h4 Rd8 19. Nd5 Rd7 20. Bxg7 Kxg7 21. f3
Qh8 22. Qe3 Kh7 23. Rb1 e6 24. Nc3 Qe5 25. Qd2 Ne7 26. Qe3 Nc6 27. Rfd1 Qxe3
28. Nxe3 Rb6 29. f4 Kg7 30. Kf3 a4 31. Nb5 d5 32. bxa4 Nxa4 33. cxd5 exd5 34.
Rxd5 Rxd5 35. Nxd5 Nd4+ 0-1

[Event "Gibtelecom Masters"]
[Site "Gibraltar"]
[Date "2009.01.27"]
[Round "1.59"]
[White "Zanetti, Bruno"]
[Black "Samuelsson, Sven-Gunnar"]
[Result "1-0"]
[WhiteElo "2008"]
[BlackElo "2142"]
[PlyCount "67"]
[EventDate "2009.01.27"]

1. d4 d5 2. Nf3 Nf6 3. c4 c6 4. Nc3 e6 5. Bg5 dxc4 6. e4 b5 7. e5 h6 8. exf6
hxg5 9. fxg7 Bxg7 10. Be2 Nd7 11. O-O g4 12. Ne1 Qh4 13. h3 gxh3 14. Nf3 Qg4
15. g3 h2+ 16. Kh1 Bb7 17. Ne5 c5+ 18. d5 Qd4 19. Nxd7 Kxd7 20. Qc2 Bxd5+ 21.
f3 Kc6 22. Rad1 Qe5 23. Nxd5 exd5 24. b3 c3 25. Rfe1 Qd6 26. a4 bxa4 27. bxa4
Bd4 28. Bb5+ Kc7 29. Qf5 c2 30. Rxd4 cxd4 31. Qxc2+ Kb6 32. Rb1 a6 33. Bc6+ Ka7
34. Rb7# 1-0

[Event "Gibtelecom Masters"]
[Site "Gibraltar"]
[Date "2009.01.27"]
[Round "1.60"]
[White "Drenth, Jean Paul"]
[Black "Hickman, John E"]
[Result "1/2-1/2"]
[WhiteElo "2140"]
[BlackElo "2002"]
[PlyCount "64"]
[EventDate "2009.01.27"]

1. c4 d6 2. e4 e5 3. Nc3 Nf6 4. g3 g6 5. Bg2 Bg7 6. Nge2 O-O 7. O-O c6 8. d3
Be6 9. h3 Qd7 10. Kh2 d5 11. cxd5 cxd5 12. d4 Nxe4 13. dxe5 Bxe5 14. Bh6 Re8
15. Nxe4 dxe4 16. Bxe4 Qxd1 17. Rfxd1 Nc6 18. Nf4 Bc4 19. Bg2 Rad8 20. Nd5 Bxb2
21. Rab1 Bg7 22. Bxg7 Kxg7 23. Rxb7 Re5 24. Ne3 Rxe3 25. Rxd8 Nxd8 26. Rc7 Re2
27. Rxc4 Rxa2 28. Rc8 Ne6 29. Ra8 a5 30. Ra7 Rxf2 31. Rxa5 Rd2 32. Ra3 h5
1/2-1/2

[Event "Gibtelecom Masters"]
[Site "Gibraltar"]
[Date "2009.01.27"]
[Round "1.61"]
[White "Demac, Elias"]
[Black "Green, Andrew D"]
[Result "1/2-1/2"]
[WhiteElo "1993"]
[BlackElo "2136"]
[PlyCount "71"]
[EventDate "2009.01.27"]

1. c4 g6 2. Nc3 Bg7 3. e4 d6 4. d4 Nf6 5. Be2 O-O 6. Nf3 Bg4 7. Be3 Nfd7 8. O-O
Nc6 9. d5 Bxf3 10. gxf3 Na5 11. Qc2 c5 12. a3 Qc8 13. f4 Nf6 14. Kh1 Ng4 15.
Rg1 h5 16. f5 Nxe3 17. fxe3 Kh7 18. fxg6+ fxg6 19. e5 Qf5 20. Qxf5 Rxf5 21.
exd6 Bxc3 22. bxc3 exd6 23. Bd3 Rf6 24. Rg5 Kh6 25. Rag1 Rg8 26. e4 b6 27. e5
dxe5 28. Rxe5 Rf3 29. Rg3 Rf6 30. Re7 Rg7 31. Re5 Rg8 32. Kg2 Rg7 33. Re8 Rd6
34. Rh8+ Rh7 35. Rg8 Rg7 36. Rh8+ 1/2-1/2

[Event "Gibtelecom Masters"]
[Site "Gibraltar"]
[Date "2009.01.27"]
[Round "1.62"]
[White "Machin Arbelo, Pedro Alexi"]
[Black "Madland, Kristoffer"]
[Result "0-1"]
[WhiteElo "1992"]
[BlackElo "2134"]
[PlyCount "118"]
[EventDate "2009.01.27"]

1. e4 c5 2. Nf3 d6 3. c3 Nf6 4. e5 dxe5 5. Nxe5 e6 6. Bb5+ Bd7 7. Nxd7 Nbxd7 8.
O-O Bd6 9. d4 O-O 10. Bg5 Qc7 11. h3 Rac8 12. Nd2 Bf4 13. Nf3 Bxg5 14. Nxg5 a6
15. Bd3 cxd4 16. cxd4 h6 17. Nf3 Nd5 18. g3 N7f6 19. Qd2 Qb6 20. Rac1 Rxc1 21.
Rxc1 Rd8 22. g4 Nb4 23. Bb1 Nc6 24. Qc3 g6 25. Rd1 e5 26. Qc4 Nxd4 27. Nxd4
Rxd4 28. Rxd4 Qxd4 29. Qxd4 exd4 30. Kf1 Kg7 31. Ke2 Nd5 32. Kf3 Nb4 33. Ke4
Nc6 34. Kd5 Kf6 35. f4 g5 36. f5 d3 37. a3 d2 38. Bc2 Ne5 39. Kd4 Nf3+ 40. Ke3
Ng1 41. Kxd2 Nxh3 42. Ke3 Ke5 43. Be4 b6 44. b4 Nf4 45. Bb7 a5 46. bxa5 bxa5
47. Bc6 h5 48. gxh5 Nxh5 49. Be8 Kf6 50. Kd4 Ng7 51. Bc6 Nxf5+ 52. Kc5 Ke5 53.
Kb6 Nd4 54. Be8 g4 55. Bd7 f5 56. Bc8 g3 57. Bb7 f4 58. Kxa5 f3 59. Kb6 g2 0-1

[Event "Gibtelecom Masters"]
[Site "Gibraltar"]
[Date "2009.01.27"]
[Round "1.63"]
[White "Helin, Mikael"]
[Black "Almond, Richard J"]
[Result "0-1"]
[WhiteElo "1974"]
[BlackElo "2126"]
[PlyCount "88"]
[EventDate "2009.01.27"]

1. e4 d5 2. d4 dxe4 3. Nc3 Nf6 4. f3 Bf5 5. g4 Bg6 6. g5 Nd5 7. Nxe4 e6 8. h4
Nd7 9. a3 Be7 10. c4 N5b6 11. Nh3 h6 12. Ng3 hxg5 13. Bxg5 Bxg5 14. Nxg5 Nf6
15. Bd3 Bxd3 16. Qxd3 Qd7 17. a4 Qd6 18. Kf2 Qf4 19. Kg2 Rxh4 20. Rxh4 Qxh4 21.
Nxe6 fxe6 22. Qg6+ Kf8 23. Rh1 Qf4 24. Rh8+ Ng8 25. Ne4 Qf7 26. Qg3 Rc8 27. Ng5
Qg6 28. Qe5 Nxc4 29. Qc5+ Nd6 30. Kh2 Qf5 31. Ne4 Qxc5 32. Nxc5 Kf7 33. Rh4 Nf6
34. b3 Nf5 35. Rh3 Nxd4 36. f4 b6 37. Nd3 Rd8 38. Ne5+ Kg8 39. Ng6 Ng4+ 40. Kg2
Kf7 41. Nh4 Rh8 42. Rd3 c5 43. Kg3 Nf6 44. Ng2 Ne4+ 0-1

[Event "Gibtelecom Masters"]
[Site "Gibraltar"]
[Date "2009.01.27"]
[Round "1.64"]
[White "Arnott, Jonathan W"]
[Black "Benson, Oisin P"]
[Result "0-1"]
[WhiteElo "2117"]
[BlackElo "1957"]
[PlyCount "76"]
[EventDate "2009.01.27"]

1. e4 c5 2. d3 d6 3. g3 g6 4. Bg2 Bg7 5. f4 e6 6. Nf3 Nc6 7. O-O Nge7 8. c3 O-O
9. Be3 Rb8 10. Bf2 b5 11. d4 cxd4 12. cxd4 d5 13. e5 b4 14. Nbd2 Na5 15. b3
Nac6 16. Re1 a5 17. Nf1 Na7 18. Ne3 Nb5 19. Bf1 Nc3 20. Qd2 Rb6 21. g4 Ne4 22.
Qb2 Ba6 23. Bh4 Bxf1 24. Rxf1 Bh6 25. Bxe7 Qxe7 26. g5 Bg7 27. Rac1 h6 28. Qg2
h5 29. Rc2 Rbb8 30. Rfc1 Nc3 31. Qf1 Qb7 32. a4 Rfc8 33. Nd2 Bf8 34. Qd3 Na2
35. Rxc8 Rxc8 36. Rxc8 Qxc8 37. Nb1 Qc1+ 38. Kg2 Qb2+ 0-1

[Event "Gibtelecom Masters"]
[Site "Gibraltar"]
[Date "2009.01.27"]
[Round "1.65"]
[White "Webster, Richard J"]
[Black "Haugstad, Espen"]
[Result "0-1"]
[WhiteElo "1956"]
[BlackElo "2114"]
[PlyCount "80"]
[EventDate "2009.01.27"]

1. e4 c5 2. Nc3 Nc6 3. g3 g6 4. Bg2 Bg7 5. d3 e6 6. Be3 d6 7. f4 Nge7 8. Nf3
Rb8 9. a4 O-O 10. O-O a6 11. Qd2 b5 12. axb5 axb5 13. Rae1 b4 14. Nd1 Nd4 15.
Kh1 b3 16. c3 Nc2 17. Re2 Nxe3 18. Nxe3 Ra8 19. Qd1 Ba6 20. Ne1 Qb6 21. f5 Nc6
22. f6 Bh8 23. h4 Ne5 24. g4 Ra7 25. g5 Rfa8 26. Rd2 Bb7 27. Nf3 Nd7 28. Nc4
Qc7 29. Qxb3 d5 30. exd5 exd5 31. Ne3 c4 32. dxc4 Nc5 33. Qd1 Ne4 34. Nxd5 Bxd5
35. Rxd5 Ng3+ 36. Kg1 Nxf1 37. Bxf1 Ra1 38. Qd2 Qg3+ 39. Qg2 Rxf1+ 40. Kxf1
Ra1+ 0-1

[Event "Gibtelecom Masters"]
[Site "Gibraltar"]
[Date "2009.01.27"]
[Round "1.66"]
[White "Hagen, Anders Gjerdrum"]
[Black "Haug, Marianne Wold"]
[Result "1/2-1/2"]
[WhiteElo "1935"]
[BlackElo "2110"]
[PlyCount "54"]
[EventDate "2009.01.27"]

1. d4 Nf6 2. c4 g6 3. Nc3 Bg7 4. e4 d6 5. f3 O-O 6. Bg5 Nbd7 7. Nh3 e5 8. d5 a5
9. Qd2 Nc5 10. Nf2 c6 11. Be2 Qc7 12. O-O Ne8 13. Nd3 Nxd3 14. Qxd3 f5 15. dxc6
bxc6 16. Be3 Be6 17. Rfd1 Rb8 18. b3 Rf7 19. Rac1 Rd7 20. Qd2 Qd8 21. Qe1 Nf6
22. Bg5 h6 23. Bh4 Qb6+ 24. Bf2 Qd8 25. Bh4 Qb6+ 26. Bf2 Qd8 27. Bh4 Qb6+
1/2-1/2

[Event "Gibtelecom Masters"]
[Site "Gibraltar"]
[Date "2009.01.27"]
[Round "1.67"]
[White "Brown, David"]
[Black "Ogada-Osir, Ibrahim Okinyi"]
[Result "1/2-1/2"]
[WhiteElo "1932"]
[BlackElo "2110"]
[PlyCount "96"]
[EventDate "2009.01.27"]

1. e4 e5 2. Nf3 Nc6 3. Bc4 Bc5 4. d3 Nf6 5. Nc3 d6 6. h3 a6 7. O-O h6 8. Be3
O-O 9. d4 exd4 10. Nxd4 Nxd4 11. Bxd4 Bxd4 12. Qxd4 Qe7 13. Rfe1 Qe5 14. Qxe5
dxe5 15. Rad1 Re8 16. Nd5 Nxd5 17. Bxd5 a5 18. Re3 c6 19. Bc4 b5 20. Be2 Be6
21. g3 Red8 22. Rxd8+ Rxd8 23. Rc3 Rd6 24. Kf1 a4 25. Ke1 Kf8 26. Rc5 f6 27. f3
Bd7 28. c4 bxc4 29. Bxc4 Rd4 30. Be2 Ke7 31. Ra5 Kd6 32. Bd1 c5 33. Ra6+ Ke7
34. Ra7 Kd6 35. Ra6+ Ke7 36. Ra8 Ke6 37. Be2 Ke7 38. Ra6 g5 39. g4 Rd6 40. Rxd6
Kxd6 41. Kd2 Kc6 42. Kc3 Kb6 43. Bd3 Ka5 44. Bc4 Kb6 45. b3 axb3 46. Bxb3 Bb5
47. Bc4 Ba4 48. Bb3 Bb5 1/2-1/2

[Event "Gibtelecom Masters"]
[Site "Gibraltar"]
[Date "2009.01.27"]
[Round "1.68"]
[White "Obers, Frits"]
[Black "Skage, Oystein Aagedal"]
[Result "1-0"]
[WhiteElo "2107"]
[BlackElo "1925"]
[PlyCount "67"]
[EventDate "2009.01.27"]

1. c4 Nf6 2. Nc3 c6 3. d4 d5 4. e3 Nbd7 5. Nf3 e6 6. Bd3 Bd6 7. O-O O-O 8. e4
dxe4 9. Nxe4 Nxe4 10. Bxe4 e5 11. dxe5 Nxe5 12. Nxe5 Bxe5 13. Bxh7+ Kxh7 14.
Qh5+ Kg8 15. Qxe5 Re8 16. Qc3 Qh4 17. b3 Bf5 18. Bb2 f6 19. Rfe1 Red8 20. Rad1
Qg5 21. Bc1 Qg6 22. Bf4 Be4 23. f3 Bc2 24. Rd2 Bf5 25. Re7 Re8 26. Rxb7 Bh3 27.
Qc1 Rad8 28. Kf1 Bxg2+ 29. Rxg2 Qd3+ 30. Kg1 Qxf3 31. Rgxg7+ Kh8 32. Rh7+ Kg8
33. Rbg7+ Kf8 34. Qa3+ 1-0

[Event "Gibtelecom Masters"]
[Site "Gibraltar"]
[Date "2009.01.27"]
[Round "1.69"]
[White "Loberg, Jo Kristian"]
[Black "Mundaca Alvarez, Juan Carl"]
[Result "1/2-1/2"]
[WhiteElo "1923"]
[BlackElo "2105"]
[PlyCount "142"]
[EventDate "2009.01.27"]

1. e4 c5 2. Nf3 Nc6 3. d4 cxd4 4. Nxd4 Nf6 5. Nc3 e5 6. Ndb5 d6 7. Bg5 a6 8.
Na3 b5 9. Nd5 Be7 10. Bxf6 Bxf6 11. c3 Bg5 12. Nc2 Rb8 13. a4 bxa4 14. Rxa4 a5
15. b4 axb4 16. cxb4 O-O 17. b5 Ne7 18. Nxe7+ Qxe7 19. Bc4 Be6 20. Bxe6 Qxe6
21. Qd3 f5 22. exf5 Rxf5 23. O-O Rf7 24. Ra6 Rd7 25. Rd1 Be7 26. Na3 Qf7 27.
Nc4 Rbd8 28. Qd5 Qxd5 29. Rxd5 Rc7 30. Ne3 Rc1+ 31. Nd1 Rb8 32. Kf1 Kf7 33. Ke2
Ke6 34. Ne3 Rc3 35. Ra7 Bf6 36. Rd2 Rxb5 37. g3 Rc8 38. Nc4 Be7 39. h4 d5 40.
Nxe5 Rc3 41. Nd3 g5 42. hxg5 Bxg5 43. Rda2 Rbb3 44. Ne1 d4 45. R2a6+ Kf5 46.
Ra5+ Kg6 47. R5a6+ Bf6 48. Rd7 Rb2+ 49. Kf1 d3 50. Rxd3 Rxd3 51. Nxd3 Rd2 52.
Nc5 Rd4 53. Ne6 Rd1+ 54. Ke2 Rh1 55. Kf3 Kf7 56. Nf4 Rd1 57. Ra7+ Be7 58. Kg4
Kf6 59. Ra6+ Kf7 60. Ra5 Rd2 61. f3 Rc2 62. Rh5 Kg7 63. Ne6+ Kg8 64. f4 Rc4 65.
Ng5 Rc5 66. Rh1 Bxg5 67. fxg5 Rc4+ 68. Kh5 Kg7 69. Re1 Rc2 70. Re4 Rh2+ 71. Kg4
Rb2 1/2-1/2

[Event "Gibtelecom Masters"]
[Site "Gibraltar"]
[Date "2009.01.27"]
[Round "1.72"]
[White "Fox, Anthony"]
[Black "Escofet Llongueras, Joan"]
[Result "1-0"]
[WhiteElo "2085"]
[BlackElo "1889"]
[PlyCount "93"]
[EventDate "2009.01.27"]

1. e4 e6 2. d3 d5 3. Nd2 c5 4. g3 b6 5. Bg2 Bb7 6. Ngf3 Nf6 7. O-O Be7 8. Re1
dxe4 9. Ng5 Nbd7 10. Ngxe4 Nxe4 11. Nxe4 Qc7 12. Qg4 Bf6 13. Nd6+ Qxd6 14. Bxb7
Rb8 15. Bg2 O-O 16. Rb1 g6 17. Bf4 e5 18. Bd2 Bg7 19. a4 f5 20. Qc4+ Kh8 21.
Bc3 f4 22. Qd5 Qe7 23. Bh3 fxg3 24. fxg3 Rbd8 25. Qe4 Rde8 26. Qb7 Nb8 27. Qxe7
Rxe7 28. b4 Nc6 29. bxc5 bxc5 30. Rb5 Nd4 31. Bxd4 cxd4 32. Rc5 Rb7 33. Be6 Rb6
34. Bh3 Rb7 35. Rf1 Re7 36. Rxf8+ Bxf8 37. Rc8 Kg7 38. a5 e4 39. dxe4 Rxe4 40.
Kf2 Re5 41. Rc7+ Kh6 42. Bf1 Rxa5 43. Bd3 Bc5 44. h4 Bb6 45. Rd7 Re5 46. g4 a5
47. Kf3 1-0

[Event "Gibtelecom Masters"]
[Site "Gibraltar"]
[Date "2009.01.27"]
[Round "1.73"]
[White "Carlsen, Ellen Oen"]
[Black "Horton-Kitchlew, Andrew"]
[Result "1-0"]
[WhiteElo "1888"]
[BlackElo "2084"]
[PlyCount "51"]
[EventDate "2009.01.27"]

1. e4 Nf6 2. e5 Nd5 3. d4 d6 4. exd6 exd6 5. Nf3 Bg4 6. Be2 Be7 7. O-O Nc6 8.
b3 Qd7 9. c4 Nf6 10. Bb2 O-O-O 11. d5 Bxf3 12. Bxf3 Ne5 13. Re1 Nxf3+ 14. Qxf3
Rde8 15. Nc3 Bd8 16. Nb5 Rxe1+ 17. Rxe1 Re8 18. Rxe8 Qxe8 19. Qf5+ Kb8 20. g3
a6 21. Nd4 Qe1+ 22. Kg2 g6 23. Qc2 Ne4 24. Nf3 Qa5 25. Qxe4 Qxa2 26. Bd4 1-0

[Event "Gibtelecom Masters"]
[Site "Gibraltar"]
[Date "2009.01.27"]
[Round "1.74"]
[White "Collier, David O"]
[Black "Ribon Calabia, Mariano"]
[Result "1-0"]
[WhiteElo "2083"]
[BlackElo "1864"]
[PlyCount "111"]
[EventDate "2009.01.27"]

1. d4 Nf6 2. Bg5 h6 3. Bxf6 exf6 4. c4 Bb4+ 5. Nc3 O-O 6. Qc2 d5 7. e3 c5 8.
dxc5 dxc4 9. Bxc4 Qa5 10. Nge2 Qxc5 11. Bd3 Nc6 12. a3 Bxc3+ 13. Nxc3 Ne5 14.
Be4 Be6 15. O-O Rab8 16. Rfd1 Ng4 17. h3 Ne5 18. Rd4 Nc6 19. Bxc6 bxc6 20. b4
Qg5 21. h4 Qe5 22. Na4 a5 23. Rad1 axb4 24. axb4 f5 25. Nc5 Ra8 26. Nxe6 fxe6
27. Qxc6 Rab8 28. Rc1 f4 29. Qc7 Qxc7 30. Rxc7 fxe3 31. fxe3 Rf7 32. Rxf7 Kxf7
33. Kf2 Rb5 34. Ke2 g5 35. g3 e5 36. Rc4 Ke6 37. hxg5 h5 38. Kd3 Kf5 39. Rh4
Kxg5 40. Kc4 Rb8 41. b5 Kf5 42. Rxh5+ Ke4 43. Kc5 Rg8 44. b6 Rxg3 45. b7 Rg8
46. Kd6 Rg6+ 47. Kc7 Rg7+ 48. Kb6 Rg6+ 49. Ka7 Kxe3 50. Rxe5+ Kd4 51. b8=Q Rg7+
52. Ka6 Rg6+ 53. Ka5 Rc6 54. Qb2+ Kd3 55. Qb5+ Rc4 56. Rc5 1-0

[Event "Gibtelecom Masters"]
[Site "Gibraltar"]
[Date "2009.01.27"]
[Round "1.75"]
[White "Szabo, Gabor"]
[Black "Fryer, David W"]
[Result "0-1"]
[WhiteElo "1862"]
[BlackElo "2080"]
[PlyCount "62"]
[EventDate "2009.01.27"]

1. e4 e5 2. d4 exd4 3. Qxd4 Nc6 4. Qe3 d6 5. Nc3 g6 6. Bd2 Bg7 7. O-O-O Nf6 8.
h3 O-O 9. g4 Bd7 10. f4 Kh8 11. g5 Ng8 12. h4 h5 13. f5 Bd4 14. Qe2 Re8 15. Nh3
Bxf5 16. Bg2 Bg4 17. Bf3 Bxf3 18. Qxf3 Ne5 19. Qe2 Qd7 20. Nb5 Bb6 21. Bc3 Kh7
22. Rdf1 Re7 23. Nd4 Ng4 24. Rf4 d5 25. Rxg4 Qxg4 26. Qxg4 hxg4 27. Nf4 Bxd4
28. Bxd4 Rxe4 29. c3 Rxf4 30. h5 Re8 31. hxg6+ Kxg6 0-1

[Event "Gibtelecom Masters"]
[Site "Gibraltar"]
[Date "2009.01.27"]
[Round "1.76"]
[White "Compton, Alistair"]
[Black "Aagedal, Geir Ole"]
[Result "1-0"]
[WhiteElo "2079"]
[BlackElo "1832"]
[PlyCount "43"]
[EventDate "2009.01.27"]

1. e4 c6 2. d4 d5 3. exd5 cxd5 4. c4 Nf6 5. Nc3 e6 6. Nf3 Nc6 7. c5 Ne4 8. Bb5
Nxc3 9. bxc3 Bd7 10. Bxc6 Bxc6 11. Ne5 Be7 12. O-O O-O 13. Re1 Rb8 14. Bf4 Rc8
15. Qg4 Be8 16. Re3 f5 17. Qh3 g5 18. Rg3 Kh8 19. Qh6 g4 20. Nxg4 fxg4 21. Be5+
Rf6 22. Bxf6+ 1-0

[Event "Gibtelecom Masters"]
[Site "Gibraltar"]
[Date "2009.01.27"]
[Round "1.77"]
[White "Matto, Manuel"]
[Black "Perman, Torvald"]
[Result "0-1"]
[WhiteElo "1855"]
[BlackElo "2077"]
[PlyCount "104"]
[EventDate "2009.01.27"]

1. e4 c5 2. Nf3 e6 3. Nc3 a6 4. h3 Nc6 5. Be2 b5 6. b3 Qc7 7. Bb2 Bb7 8. d3 Nf6
9. Qd2 Be7 10. a4 b4 11. Nd1 O-O 12. g4 d5 13. e5 Nd7 14. d4 Nxd4 15. Nxd4 cxd4
16. Bxd4 Nxe5 17. Rg1 Ng6 18. Ne3 a5 19. O-O-O e5 20. Bb2 Bg5 21. Kb1 d4 22.
Nd5 Qd8 23. f4 Nxf4 24. Nxf4 Bxf4 25. Qd3 Ba6 26. Qe4 Bxe2 27. Qxe2 Be3 28. Rg3
Qc7 29. Rg2 Qc6 30. g5 Rac8 31. h4 f6 32. gxf6 Rxf6 33. h5 Qf3 34. Rh1 Qxe2 35.
Rxe2 Kf7 36. Bc1 Bxc1 37. Kxc1 d3 38. Rxe5 Rxc2+ 39. Kb1 Rff2 40. Rd1 Rb2+ 41.
Ka1 Ra2+ 42. Kb1 Rfb2+ 43. Kc1 d2+ 44. Rxd2 Rxd2 45. Rxa5 Rh2 46. Kb1 Rag2 47.
Rf5+ Ke6 48. Rf1 Rb2+ 49. Kc1 Rhc2+ 50. Kd1 Rb1+ 51. Kxc2 Rxf1 52. Kd3 Kd5 0-1

[Event "Gibtelecom Masters"]
[Site "Gibraltar"]
[Date "2009.01.27"]
[Round "1.78"]
[White "Gonzalez Amaya, Millan"]
[Black "Pieri, Enzo"]
[Result "1-0"]
[WhiteElo "1831"]
[BlackElo "1829"]
[PlyCount "47"]
[EventDate "2009.01.27"]

1. e4 c6 2. d4 d5 3. e5 Bf5 4. h4 e6 5. g4 Be4 6. f3 f5 7. fxe4 fxe4 8. Bg5 Be7
9. Bxe7 Nxe7 10. h5 Rf8 11. Qd2 Nd7 12. Nc3 a6 13. Rh2 c5 14. Rf2 Rxf2 15. Qxf2
cxd4 16. Qxd4 Nc6 17. Qf2 Ndxe5 18. Be2 Qe7 19. O-O-O Qg5+ 20. Kb1 Nxg4 21. Qg3
Nce5 22. Nh3 Qe3 23. Qg2 Qh6 24. Bxg4 1-0

[Event "Gibtelecom Masters"]
[Site "Gibraltar"]
[Date "2009.01.27"]
[Round "1.79"]
[White "Yarur Elsaca, Daniel"]
[Black "Fairbairn, Stephen"]
[Result "0-1"]
[WhiteElo "1805"]
[BlackElo "2068"]
[PlyCount "110"]
[EventDate "2009.01.27"]

1. e4 g6 2. d4 d6 3. g3 Bg7 4. Bg2 Nc6 5. Ne2 e5 6. Be3 h5 7. h4 Nh6 8. Nbc3
O-O 9. Qd2 Ng4 10. O-O-O exd4 11. Nxd4 Nxe3 12. Nxc6 bxc6 13. Qxe3 Be6 14. f4
Qf6 15. e5 dxe5 16. fxe5 Qxe5 17. Qxe5 Bxe5 18. Bxc6 Rab8 19. Bd5 Bxg3 20. Bxe6
fxe6 21. Ne4 Bf4+ 22. Kb1 Be5 23. c3 Rf4 24. Rde1 Bf6 25. Nxf6+ Rxf6 26. Rd1
Kg7 27. Rd7+ Rf7 28. Rhd1 Rbf8 29. Kc2 Rxd7 30. Rxd7+ Rf7 31. Rd4 g5 32. hxg5
Kg6 33. Re4 Kxg5 34. Rxe6 h4 35. Re2 h3 36. Kd3 Kg4 37. b4 Kg3 38. Re8 Rh7 39.
Re3+ Kg4 40. Re4+ Kf5 41. Re1 h2 42. Rh1 Kf4 43. Ke2 Kg3 44. Kd3 Rh4 45. c4 Kg2
46. Re1 h1=Q 47. Rxh1 Kxh1 48. a4 Kg2 49. a5 Kf3 50. b5 Rg4 51. Kc3 Ke4 52. c5
Kd5 53. b6 cxb6 54. cxb6 axb6 55. axb6 Kc6 0-1

[Event "Gibtelecom Masters"]
[Site "Gibraltar"]
[Date "2009.01.27"]
[Round "1.80"]
[White "Lyons, Brendan"]
[Black "Kuenitz, Klaus"]
[Result "0-1"]
[WhiteElo "2060"]
[BlackElo "1663"]
[PlyCount "52"]
[EventDate "2009.01.27"]

1. e4 e6 2. d4 d5 3. Nd2 c5 4. g3 Nf6 5. Bg2 b6 6. e5 Nfd7 7. f4 Nc6 8. Ngf3
Bb7 9. c3 Be7 10. O-O h6 11. Qe2 Qc7 12. a3 g5 13. b4 g4 14. Ne1 h5 15. Nb3
O-O-O 16. Nc2 h4 17. Bd2 Rdg8 18. a4 hxg3 19. hxg3 Bf8 20. Kf2 Ne7 21. Rh1 Rxh1
22. Rxh1 Nf5 23. Ne3 Nh6 24. c4 dxc4 25. Nxc4 Bxg2 26. Kxg2 Qc6+ {illegible}
0-1

[Event "Gibtelecom Masters"]
[Site "Gibraltar"]
[Date "2009.01.27"]
[Round "1.86"]
[White "Tsifanskaya, Ludmila A"]
[Black "Beltran Medina, Jorge"]
[Result "1/2-1/2"]
[WhiteElo "2149"]
[BlackElo "2006"]
[PlyCount "41"]
[EventDate "2009.01.27"]

1. e4 e6 2. d3 b5 3. Nf3 c5 4. g3 Bb7 5. Bg2 Nc6 6. O-O Be7 7. Re1 d6 8. d4
cxd4 9. Nxd4 Nxd4 10. Qxd4 Nf6 11. Nc3 a6 12. a4 e5 13. Qd3 b4 14. Nd1 O-O 15.
Bg5 Re8 16. Bd2 a5 17. h4 Qc7 18. Ne3 g6 19. c3 bxc3 20. Bxc3 Kg7 21. Rac1 {
illegible} 1/2-1/2

[Event "Gibtelecom Masters"]
[Site "Gibraltar"]
[Date "2009.01.27"]
[Round "1.87"]
[White "Osuna Vega, Enrique"]
[Black "Bates, Caspar J"]
[Result "0-1"]
[WhiteElo "2130"]
[BlackElo "2142"]
[PlyCount "124"]
[EventDate "2009.01.27"]

1. e4 e5 2. Nf3 Nc6 3. Bb5 a6 4. Ba4 Nf6 5. O-O Be7 6. Re1 b5 7. Bb3 d6 8. c3
O-O 9. h3 Na5 10. Bc2 c5 11. d4 Qc7 12. Nbd2 cxd4 13. cxd4 Bb7 14. Nf1 Rac8 15.
Bb1 d5 16. exd5 exd4 17. Nxd4 Nxd5 18. Nf5 Bf6 19. Qg4 g6 20. Be4 Nc4 21. Bxd5
Bxd5 22. Bg5 gxf5 23. Qxf5 Be5 24. Rac1 Be6 25. Qe4 Bxb2 26. Qh4 Rfe8 27. Ng3
f6 28. Bxf6 Bxf6 29. Qxf6 Qf7 30. Ne4 Rf8 31. Qh4 Qf4 32. g4 Ne5 33. Qg5+ Qxg5
34. Nxg5 Rxc1 35. Rxc1 Nf3+ 36. Nxf3 Rxf3 37. Rc6 Bxa2 38. Rxa6 Bc4 39. Kg2 Rf7
40. Rb6 Kf8 41. Kg3 Ke7 42. f4 Kd8 43. f5 Kc7 44. Ra6 Kb7 45. Ra1 Kb6 46. Kf4
b4 47. Ke5 Kb5 48. Ra8 Rb7 49. Kd4 Rd7+ 50. Ke5 b3 51. Rb8+ Kc5 52. h4 Bb5 53.
Rc8+ Bc6 54. Rb8 Rb7 55. Rd8 b2 56. Rd1 b1=Q 57. Rxb1 Rxb1 58. h5 Rg1 59. f6
Bd5 60. Kf5 Kd6 61. g5 Rf1+ 62. Kg4 Bf3+ 0-1

[Event "Gibtelecom Masters"]
[Site "Gibraltar"]
[Date "2009.01.27"]
[Round "1.90"]
[White "Garcia Lechugo, Francisco"]
[Black "Flores Chico, Jorge"]
[Result "0-1"]
[WhiteElo "1688"]
[BlackElo "2121"]
[PlyCount "78"]
[EventDate "2009.01.27"]

1. a3 e5 2. d3 d5 3. g3 Nf6 4. Bg2 Bc5 5. Nf3 e4 6. dxe4 Nxe4 7. O-O O-O 8. b4
Be7 9. Nbd2 Bf6 10. Nxe4 dxe4 11. Qxd8 Rxd8 12. Ng5 Bxa1 13. Nxe4 Be5 14. Nc5
c6 15. f4 Bd4+ 16. e3 Bxc5 17. bxc5 Na6 18. Bf3 Nxc5 19. g4 f5 20. Rf2 fxg4 21.
Be2 Bf5 22. Rg2 Na4 23. Bc4+ Kf8 24. Bd2 Be4 25. Rf2 b5 26. Be6 h5 27. f5 Rd6
28. c4 Rad8 29. Bd5 cxd5 30. Bb4 Kf7 31. c5 Rf6 32. Rf1 Rxf5 33. Rc1 Bd3 34. c6
Rc8 35. Bd6 Ke6 36. Bf4 g5 37. Bg3 h4 38. Bf2 Bc4 39. e4 dxe4 0-1